| 000 | 00992nam a2200289 a 4500 | ||
|---|---|---|---|
| 999 |
_c529478 _d529478 |
||
| 001 | 4279925 | ||
| 003 | NUST | ||
| 005 | 20190926141015.0 | ||
| 008 | 850617s1985 dcua b 000 0 eng | ||
| 010 | _a 85051373 | ||
| 020 |
_a0309040019 (pbk.) : _c$8.00 |
||
| 038 | _aMSOHAIL | ||
| 040 |
_aDLC _cDLC _dDLC |
||
| 050 | 0 | 0 |
_aTG305 _b.M27 1985 |
| 082 | 0 | 0 |
_a624.28 _219 |
| 100 | 1 |
_aManning, David G. _921497 |
|
| 245 | 1 | 0 |
_aDetecting defects and deterioration in highway structures / _cDavid G. Manning. |
| 260 |
_aWashington, D.C. : _bTransportation Research Board, National Research Council, _c[1985] |
||
| 300 |
_a52 p. : _bill. ; _c28 cm. |
||
| 440 | 0 |
_aSynthesis of highway practice, _x0547-5570 ; _v118 _921625 |
|
| 500 | _a"July 1985." | ||
| 504 | _aBibliography: p. 42-47. | ||
| 650 | 0 |
_aBridges _xTesting. _921626 |
|
| 710 | 2 |
_aNational Research Council (U.S.). _bTransportation Research Board. _919676 |
|
| 906 |
_a7 _bcbc _corignew _d3 _eocip _f19 _gy-gencatlg |
||
| 942 |
_2ddc _cBK |
||